[Event "Santa Eugenia op 8th"]
[Site "Girona"]
[Date "2013.08.??"]
[Round "3.7"]
[White "Ros Agusti, Salvador"]
[Black "Cortada Llach, Andreu"]
[Result "0-1"]
[WhiteElo "1512"]
[BlackElo "1724"]
[PlyCount "70"]
[EventDate "2013.08.19"]
[EventType "swiss"]
[EventRounds "9"]
[EventCountry "ESP"]
[SourceTitle "EXT 2024"]
[Source "ChessBase"]
[SourceDate "2023.10.10"]
[SourceVersion "1"]
[SourceVersionDate "2023.10.10"]
[SourceQuality "1"]

1. d4 c6 2. c4 d5 3. cxd5 cxd5 4. Nc3 Nf6 5. Nf3 Bf5 6. e3 a6 7. Bd3 Bxd3 8. Qxd3 e6 9. 0-0 Bd6 10. a3 Nbd7 11. b4 b5 12. Bb2 Nb6 13. Nd2 0-0 14. f4 Rc8 15. Qe2 Qd7 16. Rf2 g6 17. Kh1 Rfd8 18. Rg1 Nc4 19. Nxc4 Rxc4 20. g4 Kh8 21. g5 Nh5 22. Qd1 Qc6 23. Ne2 Kg8 24. Ng3 Ng7 25. Rgg2 Rc8 26. Rg1 Qa8 27. Rgg2 a5 28. bxa5 Qxa5 29. Rc2 Bxa3 30. Rxc4 Rxc4 31. Bxa3 Qxa3 32. Rc2 Qxe3 33. Rxc4 dxc4 34. Qa1 Qf3+ 35. Kg1 Nf5 0-1

[Event "Santa Eugenia op 8th"]
[Site "Girona"]
[Date "2013.08.??"]
[Round "1.8"]
[White "Vela Prunell, David"]
[Black "Cortada Llach, Andreu"]
[Result "1/2-1/2"]
[WhiteElo "1306"]
[BlackElo "1724"]
[PlyCount "78"]
[EventDate "2013.08.19"]
[EventType "swiss"]
[EventRounds "9"]
[EventCountry "ESP"]
[SourceTitle "EXT 2024"]
[Source "ChessBase"]
[SourceDate "2023.10.10"]
[SourceVersion "1"]
[SourceVersionDate "2023.10.10"]
[SourceQuality "1"]

1. e4 c6 2. d4 d5 3. e5 Bf5 4. Bd3 Bxd3 5. Qxd3 e6 6. Nf3 h6 7. 0-0 Nd7 8. Be3 a6 9. Nbd2 c5 10. dxc5 Bxc5 11. Qc3 Rc8 12. b4 Bxe3 13. Qxe3 Rxc2 14. Rfc1 Rxc1+ 15. Rxc1 Ne7 16. h3 0-0 17. Rc3 Nc6 18. Nb3 Nxb4 19. Nfd4 Nxa2 20. Rd3 Nb4 21. Rc3 Qb8 22. Nf3 Rc8 23. Rxc8+ Qxc8 24. g4 Qc4 25. g5 Qd3 26. Qa7 Qxf3 27. Qxb7 Qxb3 28. Qc8+ Nf8 29. Qe8 Qb1+ 30. Kg2 Qg6 31. h4 hxg5 32. Kh3 Qh5 33. f4 Qxh4+ 34. Kg2 Qxf4 35. Qa4 g4 36. Kg1 Qf3 37. Qxb4 g3 38. Qxf8+ Kh7 39. Qxg7+ Kxg7 1/2-1/2

[Event "Girona-ch"]
[Site "Girona"]
[Date "2012.01.27"]
[Round "3"]
[White "Pereira Garcia, Josep Ramon"]
[Black "Cortada Llach, Andreu"]
[Result "0-1"]
[WhiteElo "1643"]
[BlackElo "1800"]
[PlyCount "158"]
[EventDate "2012.01.13"]
[EventType "swiss"]
[EventRounds "9"]
[EventCountry "ESP"]
[SourceTitle "EXT 2013"]
[Source "ChessBase"]
[SourceDate "2012.11.22"]
[SourceVersion "1"]
[SourceVersionDate "2012.11.22"]
[SourceQuality "1"]

1. d4 c6 2. Nf3 d5 3. c4 Nf6 4. Nc3 Bf5 5. e3 e6 6. Be2 Bd6 7. Nh4 Be4 8. f3 Bg6 9. Nxg6 hxg6 10. f4 Nh5 11. 0-0 Nd7 12. Rf3 Nhf6 13. cxd5 exd5 14. Bd3 Qc7 15. a4 a6 16. Bd2 c5 17. dxc5 Nxc5 18. Bc2 Qe7 19. Be1 0-0-0 20. b4 Nce4 21. Nxd5 Nxd5 22. Qxd5 Nf6 23. Qc4+ Kb8 24. b5 Rc8 25. Qd3 Ka7 26. bxa6 bxa6 27. Rb1 Bc5 28. Rg3 Rhd8 29. Qe2 Nh5 30. Rf3 Nf6 31. Bf2 Ng4 32. h3 Nxf2 33. Qxf2 Re8 34. Re1 Bb6 35. Kh2 Rc3 36. Qd2 Rxe3 37. Rfxe3 Bxe3 38. Rxe3 Qxe3 39. Qd7+ Kb6 40. Qd6+ Kb7 41. Bd3 Qe6 42. Qb4+ Kc7 43. Qa5+ Qb6 44. Qxa6 Qxa6 45. Bxa6 Re4 46. Bb5 Rxf4 47. Kg3 Rd4 48. Kf3 g5 49. Ke3 Rh4 50. Kf3 f6 51. Ke3 g4 52. hxg4 Rxg4 53. Kf3 Rd4 54. Ke3 Rb4 55. Be8 g5 56. Kf3 Rb3+ 57. Kg4 Kd8 58. Bb5 Ke7 59. Kf5 Rg3 60. Bc6 Ra3 61. g4 Kf7 62. Bd5+ Kg7 63. Bc6 Rb3 64. Ke4 Rb4+ 65. Kf3 Kg6 66. Be4+ Kf7 67. Bc6 Ke7 68. Bb5 Kd6 69. Kg3 Ke5 70. Bd7 Rb3+ 71. Kf2 Kf4 72. Bc8 Rd3 73. a5 Rd8 74. Bb7 Kxg4 75. a6 Rd2+ 76. Ke3 Ra2 77. Bc8+ f5 78. Kd4 Kf4 79. Kc5 Rc2+ 0-1